The effect of a suggested program on enhancing environmental awareness and voabulary building of the first year preparatory students / (رقم التسجيلة. 85429)

تفاصيل مارك
000 -LEADER
fixed length control field 013580000a22003130004500
003 - CONTROL NUMBER IDENTIFIER
control field EG-GICUC
005 - DATE AND TIME OF LATEST TRANSACTION
control field 20250223032957.0
008 - FIXED-LENGTH DATA ELEMENTS--GENERAL INFORMATION
fixed length control field 070416s2003 ua f m 000 0 eng d
040 ## - CATALOGING SOURCE
Original cataloging agency EG-GICUC
Language of cataloging eng
Transcribing agency EG-GICUC
041 0# - LANGUAGE CODE
Language code of text/sound track or separate title eng
049 ## - LOCAL HOLDINGS (OCLC)
Holding library Deposite
097 ## - Thesis Degree
Thesis Level M.Sc
099 ## - LOCAL FREE-TEXT CALL NUMBER (OCLC)
Classification number Cai01.28.01.M.Sc.2003.Ma.E
100 0# - MAIN ENTRY--PERSONAL NAME
Personal name Maha Tawfik Youssef Mohamed
245 14 - TITLE STATEMENT
Title The effect of a suggested program on enhancing environmental awareness and voabulary building of the first year preparatory students /
Statement of responsibility, etc. Maha Tawfik Youssef Mohamed ; Supervised Zeinab Ali Elnaggar , Raga Attala Hanna
246 15 - VARYING FORM OF TITLE
Title proper/short title اثر برنامج مقترح فى اللغة الانجليزية على تعزيز الوعى البيئى والحصيلة اللغوية لدى تلاميذ الصف الاول الاعدادى
260 ## - PUBLICATION, DISTRIBUTION, ETC.
Place of publication, distribution, etc. Cairo :
Name of publisher, distributor, etc. Maha Tawfik Youssef Mohamed ,
Date of publication, distribution, etc. 2003
300 ## - PHYSICAL DESCRIPTION
Extent 157 P. ;
Dimensions 30cm
502 ## - DISSERTATION NOTE
Dissertation note Thesis (M.Sc.) - Cairo University - Faculty of Education - Department of Curricula and Methodology
530 ## - ADDITIONAL PHYSICAL FORM AVAILABLE NOTE
Additional physical form available note Issued also as CD
653 #4 - INDEX TERM--UNCONTROLLED
Uncontrolled term Preparatory students
653 #4 - INDEX TERM--UNCONTROLLED
Uncontrolled term Suggested program on enhancing
700 0# - ADDED ENTRY--PERSONAL NAME
Personal name Raga Attala Hanna ,
Relator term
700 0# - ADDED ENTRY--PERSONAL NAME
Personal name Zeinab Ali Elnaggar ,
Relator term
856 ## - ELECTRONIC LOCATION AND ACCESS
Uniform Resource Identifier <a href="http://172.23.153.220/th.pdf">http://172.23.153.220/th.pdf</a>
905 ## - LOCAL DATA ELEMENT E, LDE (RLIN)
Cataloger Aml
Reviser Cataloger
905 ## - LOCAL DATA ELEMENT E, LDE (RLIN)
Cataloger Esam
Reviser Revisor
942 ## - ADDED ENTRY ELEMENTS (KOHA)
Source of classification or shelving scheme Dewey Decimal Classification
Koha item type Thesis
المقتنيات
Source of classification or shelving scheme Not for loan Home library Current library Date acquired Full call number Barcode Date last seen Koha item type Copy number
Dewey Decimal Classification   المكتبة المركزبة الجديدة - جامعة القاهرة قاعة الرسائل الجامعية - الدور الاول 11.02.2024 Cai01.28.01.M.Sc.2003.Ma.E 01010110041543000 22.09.2023 Thesis  
Dewey Decimal Classification   المكتبة المركزبة الجديدة - جامعة القاهرة مخـــزن الرســائل الجـــامعية - البدروم 11.02.2024 Cai01.28.01.M.Sc.2003.Ma.E 01020110041543000 22.09.2023 CD - Rom 41543.CD
Cairo University Libraries Portal Implemented & Customized by: Eng. M. Mohamady Contacts: new-lib@cl.cu.edu.eg | cnul@cl.cu.edu.eg
CUCL logo CNUL logo
© All rights reserved — Cairo University Libraries
CUCL logo
Implemented & Customized by: Eng. M. Mohamady Contact: new-lib@cl.cu.edu.eg © All rights reserved — New Central Library
CNUL logo
Implemented & Customized by: Eng. M. Mohamady Contact: cnul@cl.cu.edu.eg © All rights reserved — Cairo National University Library